| 000 | 00611nam a22001697a 4500 | ||
|---|---|---|---|
| 999 |
_c61458 _d61458 |
||
| 005 | 20240315150358.0 | ||
| 008 | 240315s1987 ru ||||| |||| 00| 0 rus d | ||
| 041 | _arus | ||
| 080 | _a902.6 C-43 | ||
| 100 |
_aСкленарж, К. _921439 |
||
| 245 |
_aЗа пещерным человеком : _bНеформальная энциклопедия / _cК. Скленарж. |
||
| 264 |
_aМосква : _bЗнание, _c1987. |
||
| 300 |
_a272 с. : _bил.; _c17 см. |
||
| 653 | _aგამოქვაბულის ადამიანი | ||
| 653 | _aარქეოლოგია | ||
| 942 |
_2udc _cBK |
||